What we evangelicals believe : (Record no. 1956)
[ view plain ]
| 000 -LEADER | |
|---|---|
| fixed length control field | 00981cam a2200289 a 4500 |
| 001 - CONTROL NUMBER | |
| control field | 44034 |
| 003 - CONTROL NUMBER IDENTIFIER | |
| control field | GBCCL |
| 005 - DATE AND TIME OF LATEST TRANSACTION | |
| control field | 20241126110413.0 |
| 008 - FIXED-LENGTH DATA ELEMENTS--GENERAL INFORMATION | |
| fixed length control field | 800305s1979 cau 00010 eng |
| 010 ## - | |
| -- | 79051622 //r84 |
| 020 ## - INTERNATIONAL STANDARD BOOK NUMBER | |
| International Standard Book Number | 0960263810 : |
| Terms of availability | $3.95 |
| 035 ## - SYSTEM CONTROL NUMBER | |
| System control number | OCM06142642 |
| 040 ## - CATALOGING SOURCE | |
| Original cataloging agency | DLC |
| Transcribing agency | DLC |
| Modifying agency | m.c. |
| -- | LBB |
| 049 ## - | |
| -- | LBBK |
| 050 0# - | |
| -- | BR1640 |
| -- | .H8 |
| 082 ## - DEWEY DECIMAL CLASSIFICATION NUMBER | |
| Classification number | 230.04624 |
| Item number | HUB |
| 092 ## - LOCALLY ASSIGNED DEWEY CALL NUMBER (OCLC) | |
| Classification number | 230.044 |
| Item number | H875 |
| 100 1# - MAIN ENTRY--PERSONAL NAME | |
| Personal name | Hubbard, David Allan. |
| 9 (RLIN) | 2363 |
| 245 10 - TITLE STATEMENT | |
| Title | What we evangelicals believe : |
| Remainder of title | expositions of Christian doctrine based on "the statement of faith" of Fuller Theological Seminary / |
| Statement of responsibility, etc. | David Allan Hubbard. |
| 246 30 - | |
| -- | "The statement of Faith" of Fuller Theological Seminary. |
| 260 ## - PUBLICATION, DISTRIBUTION, ETC. | |
| Place of publication, distribution, etc. | Pasadena, Calif. : |
| Name of publisher, distributor, etc. | Fuller Theological Seminary, |
| Date of publication, distribution, etc. | 1979. |
| 300 ## - PHYSICAL DESCRIPTION | |
| Extent | 168 p. ; |
| Dimensions | 21 cm. |
| 650 #0 - SUBJECT ADDED ENTRY--TOPICAL TERM | |
| Topical term or geographic name entry element | Evangelicalism. |
| 9 (RLIN) | 178 |
| 650 #0 - SUBJECT ADDED ENTRY--TOPICAL TERM | |
| Topical term or geographic name entry element | Theology, Doctrinal |
| Form subdivision | Popular works. |
| 9 (RLIN) | 2476 |
| 710 2# - ADDED ENTRY--CORPORATE NAME | |
| Corporate name or jurisdiction name as entry element | Fuller Theological Seminary. |
| 9 (RLIN) | 4044 |
| 942 ## - ADDED ENTRY ELEMENTS (KOHA) | |
| Source of classification or shelving scheme | Dewey Decimal Classification |
| Koha item type | Books |
| Koha issues (borrowed), all copies | 2 |
| Withdrawn status | Lost status | Source of classification or shelving scheme | Damaged status | Not for loan | Home library | Current Library | Shelving location | Date acquired | Total checkouts | Full call number | Barcode | Date last seen | Date last checked out | Copy number | Price effective from | Koha item type |
|---|---|---|---|---|---|---|---|---|---|---|---|---|---|---|---|---|
| Dewey Decimal Classification | GRACE BIBLE COLLEGE | GRACE BIBLE COLLEGE | Theology | 2017-06-02 | 2 | 230.04624 HUB | 006206 | 2025-05-01 | 2025-01-15 | c.1 | 2017-06-02 | Books | ||||
| Dewey Decimal Classification | GRACE BIBLE COLLEGE | GRACE BIBLE COLLEGE | Theology | 2017-06-02 | 1 | 230.04624 HUB | 006213 | 2025-05-01 | 2024-07-22 | c.2 | 2017-06-02 | Books |